000 01665nam a2200349 i 4500
001 000015497
003 DO-SdBNP
005 20240520143624.0
007 ta
008 100211s2009 dr 001 0 spa d
020 _a9789945020892
040 _aDO-SdBNP
_bspa
_cBNPHU
_erda
082 4 _a972.9303
_bC824v
_222
100 1 _aCorrea y Cidrón, Bernardo,
_d1757-1837
_935007
_eautor
245 1 0 _aVindicaciones y apologías /
_cBernardo Correa y Cidrón ; edición y presentación, Andrés Blanco Díaz.
264 _aSanto Domingo :
_bArchivo General de la Nación,
_c2009.
300 _a179 páginas ;
_c24 cm.
336 _2rdacontent
_atexto
_btxt
337 _2rdamedia
_asin mediación
_bn
338 _2rdacarrier
_avolumen
_bnc
490 _aArchivo General de la Nación
_v101
500 _aIncluye datos biográficos del autor en la solapa de la cubierta
500 _aIncluye bibliografía y notas al pie de páginas e índice onomástico.
505 0 _aPresentación /
_rAndrés Blanco Díaz --
_tCorrespondencia --
_tDiscurso --
_tVindicación --
_tApología --
_tRespuesta al artículo comunicado de El Duende, de 24 de junio --
_tApéndice:
_tArtículo comunicado --
_tBernardo Correa y Cidrón /
_rJosé Gabriel García --
_gÍndice onomástico.
590 _aInventariado, 2020/YL
650 4 _aSacerdotes dominicanos
_xCorrespondencia, memorias, etc.
_935008
651 0 _aRepública Dominicana --
_xHistoria --
_xGobierno colonial francés --
_y1795-1809
_937754
651 4 _aRepública Dominicana
_xHistoria
_y1809-1822
_9577
700 1 _aBlanco Díaz, Andrés,
_eeditor
_9172
910 _aValidado. Control de la calidad EMS.
942 _2ddc
_cLBS1
999 _c15053
_d15053